| 000 | 01009nam a2200193Ia 4500 | ||
|---|---|---|---|
| 003 | Ost | ||
| 005 | 20260507075108.0 | ||
| 008 | 260507s9999||||xx |||||||||||||| ||und|| | ||
| 040 | _cfsecg | ||
| 041 | _aara | ||
| 082 | _a382.7 | ||
| 100 |
_aشعبان ، شوقي رامز _eمؤلف |
||
| 245 | 0 |
_aإدارة الجمارك وإدارة المرافئ / _c شوقي رامز شعبان |
|
| 260 |
_aلبنان: _bالدار الجامعية, _c2000 |
||
| 300 |
_a431 صفحة؛ _bإيضاحات ؛ _c24 سم |
||
| 520 | _aتطور مفهوم الجمارك عبر التاريخ و تناول التنظيم الحالي لإدارة الجمارك اللبنانية كما تم التطرق الى المهام المختلفة الملقاةعلى عاتق إدارة الجمارك و تناول موضوع المخالفات الجمركية و إخيرا عرض واقع الجمارك و مقترحات تفعيلها . | ||
| 653 | _aالجمارك - لبنان - إدارة | ||
| 942 | _cكتاب | ||
| 999 |
_c42833 _d42833 |
||